Score 0/18 Timer 08:00
0 Plays Today
Survivor % Correct
Amber Brkich
73.3%
Danni Boatwright
73.3%
Ethan Zohn
73.3%
Vytas Baskauskas
57.5%
Caleb Reynolds
56.7%
Woo Hwang
55.1%
Francesca Hogi
55.1%
Monica Culpepper
53.5%
Kass McQuillen
51.2%
Survivor % Correct
Shirin Oskooi
49.6%
Peih-Gee Law
48.8%
Hali Ford
48.8%
Russell Swan
48%
Debbie Wanner
48%
Brandon Hantz
47.2%
Ami Cusack
44.9%
Eliza Orlins
44.1%
Aras Baskauskas
43.3%
Remove Ads.
Support Sporcle.
Get the best of Sporcle when you Go Orange. This ad-free experience offers more features, more stats, and more fun while also helping to support Sporcle. Thank you for becoming a member.

You're not logged in!

Compare scores with friends on all Sporcle quizzes.
OR
Log In

Show Comments

Extras

Created Oct 12, 2017ReportNominate
Tags:idol, No, Survivor, Vote

Top Quizzes Today


Score Distribution

Your Account Isn't Verified!

In order to create a playlist on Sporcle, you need to verify the email address you used during registration. Go to your Sporcle Settings to finish the process.

Report this User

Report this user for behavior that violates our Community Guidelines.

Details: